[Event "Remote TT Blackmar-Diemer-5/2 email"]
[Site "Remote email"]
[Date "2013.05.31"]
[Round "?"]
[White "Tauscher, Karl"]
[Black "Eckhardt, Andreas"]
[Result "1-0"]
[WhiteElo "2404"]
[BlackElo "2285"]
[PlyCount "89"]
[EventDate "2013.??.??"]
[EventType "tourn (corr)"]
[EventRounds "8"]
[EventCountry "GER"]
[SourceTitle "Corr 2015"]
[Source "ChessBase"]
[SourceDate "2015.07.17"]
[SourceVersion "1"]
[SourceVersionDate "2015.07.17"]
[SourceQuality "1"]

1. d4 d5 2. e4 dxe4 3. Nc3 Nf6 4. f3 exf3 5. Nxf3 c6 6. Bd3 Bg4 7. Be3 e6 8. 0-0 Nbd7 9. Qe1 Bxf3 10. Rxf3 Bd6 11. Kh1 Qc7 12. Bg1 h6 13. Ne4 Be7 14. h3 Nxe4 15. Qxe4 Nf6 16. Qe3 0-0-0 17. Rd1 h5 18. Qg5 Ne8 19. Qd2 Bf6 20. c3 Nd6 21. a4 Qe7 22. Rdf1 Kb8 23. Qf2 Bh4 24. Qe3 Bg5 25. Qf2 Bh4 26. g3 Bf6 27. d5 Nc8 28. dxc6 bxc6 29. b4 e5 30. b5 cxb5 31. Bxb5 Rd6 32. Rb1 Kc7 33. Rd3 Rxd3 34. Bxd3 Qe6 35. Be4 Be7 36. Rb7+ Kd8 37. Qd2+ Ke8 38. Qg2 g5 39. Bd5 Qf6 40. Rb8 Kd7 41. c4 Nd6 42. Rxh8 Qxh8 43. c5 Nc8 44. Bxf7 Kc7 45. Qd5 1-0

[Event "Remote email"]
[Site "Remote email"]
[Date "2013.05.27"]
[Round "?"]
[White "Eckhardt, Andreas"]
[Black "Heinrich, Olaf Wittmund"]
[Result "0-1"]
[WhiteElo "2285"]
[BlackElo "2408"]
[PlyCount "102"]
[EventDate "2013.??.??"]
[EventType "tourn (corr)"]
[EventRounds "6"]
[EventCountry "GER"]
[SourceTitle "Corr 2015"]
[Source "ChessBase"]
[SourceDate "2015.07.17"]
[SourceVersion "1"]
[SourceVersionDate "2015.07.17"]
[SourceQuality "1"]

1. d4 d5 2. e4 dxe4 3. Nc3 Nf6 4. f3 exf3 5. Nxf3 c6 6. Bd3 Bg4 7. Be3 e6 8. h3 Bh5 9. Qe2 Nbd7 10. 0-0-0 Bb4 11. g4 Bg6 12. g5 Nd5 13. Nxd5 cxd5 14. Bf4 Qb6 15. a3 Be7 16. Bb5 0-0-0 17. Rhf1 f6 18. Bd3 Bd6 19. Qh2 Bxf4+ 20. Qxf4 Qc7 21. Qe3 Rde8 22. gxf6 gxf6 23. Rfe1 Kb8 24. Re2 Nb6 25. Rde1 Nc4 26. Bxc4 Qxc4 27. Qf4+ Ka8 28. Kb1 Rhg8 29. Rf2 Rc8 30. Rc1 Be4 31. h4 a6 32. Ka1 Qc7 33. Qe3 Rg3 34. c3 Rcg8 35. Rcf1 h5 36. Qe1 R8g4 37. Nd2 f5 38. Nf3 Bxf3 39. Rxf3 Rxf3 40. Rxf3 Qf7 41. Rf1 f4 42. Qf2 Qf6 43. Rh1 f3 44. Rh3 Rf4 45. Ka2 Qf5 46. Rh1 Qd3 47. Qh2 e5 48. dxe5 Qc4+ 49. b3 Qe4 50. Qf2 Qd3 51. Rc1 d4 0-1